000 00667nam a2200241 a 4500
001 000019118
003 DO-SdBNP
005 20240412074248.0
007 ta
008 100526s2008 dr r 000 0 spa d
020 _a9789945140699
040 _aDO-SdBNP
_bspa
_cBNPHU
082 4 _aRD861
_bP744e
_222
245 0 4 _aLos poemas de esperanza.
260 _aSanto Domingo :
_bCorripio,
_c2008.
300 _a119 p. ;
_c23 cm.
590 _aInventariado, 2018/BT
650 4 _aPoesía dominicana
_966
650 4 _aPoesía religiosa dominicana
_924595
650 0 _aLiteratura dominicana.
_967
910 _aValidado. Control de calidad. MFF
942 _2ddc
_cLBS1
999 _c18636
_d18636